El libro mentiroso. (Registro nro. 437176)

Detalles MARC
000 -LÍDER
Campo fijo de descripción fija 00917nam a22002657a 4500
003 - IDENTIFICADOR DEL NÚMERO DE CONTROL
Campo de control BCEG
005 - FECHA Y HORA DE LA ULTIMA TRANSACCIÓN
control field 20260409135713.0
008 - ELEMENTOS DE LONGITUD FIJA -- INFORMACIÓN GENERAL
Campo fijo de descripción fija -- Información general 260409s2024 mx a||||||||||||||||spa d
020 ## - ISBN
Isbn 9786071685438
040 ## - FUENTE DE CATALOGACIÓN
Agencia de catalogación original BCEG
Idioma de catalogación spa
Agencia que realiza la transcripción BCEG
082 04 - NÚMERO DE CLASIFICACIÓN DECIMAL DEWEY
Número de clasificación I863.64
Clave de autor-Numero de item A347l
100 1# - ASIENTO PRINCIPAL--NOMBRE PERSONAL
Nombre del autor personal Alcántara, Mariana,
Fechas asociadas con el nombre 1991-.
245 13 - TÍTULO PROPIAMENTE DICHO
Título El libro mentiroso.
260 ## - PUBLICACIÓN, DISTRIBUCIÓN, ETC. (PIE DE IMPRENTA)
Lugar de publicación, distribución, etc. Ciudad de México :
Nombre del editor, distribuidor, etc. Fondo de Cultura Económica,
Fecha de publicación, distribución, etc. 2024.
300 ## - DESCRIPCIÓN FÍSICA
Extensión [32] p. :
Otros detalles físicos il.
490 ## - MENCIÓN DE SERIE
Mención de serie Los Especiales de A la Orilla del Viento.
500 ## - NOTA GENERAL
Nota General Más vale una mentira en mano, que ciento volando --En portada.
500 ## - NOTA GENERAL
Nota General Advertencia: contiene únicamente mentiras falsas y ninguna verdadera --En cubierta.
535 ## - NOTA DE UBICACIÓN DE ORIGINALES
Custodio Disponible en la colección infantil de 4-6 años.
541 ## - NOTA DE FUENTE INMEDIATA DE ADQUISICIÓN
Nota de fuente de adquisición Compra.
650 14 - ASIENTO SECUNDARIO DE MATERIA - TERMINO TEMÁTICO
Término temático o nombre geográfico como elemento de entrada Cuentos infantiles mexicanos.
700 ## - ASIENTO SECUNDARIO - NOMBRE PERSONAL
Nombre personal Rosa, Horacio de la,
Función o responsabilidad del autor dir.
700 ## - ASIENTO SECUNDARIO - NOMBRE PERSONAL
Nombre personal Figueroa León, Susana,
Función o responsabilidad del autor ed.
942 ## - TIPO DE MATERIAL (KOHA)
Tipo de Item KOHA Libro
Existencias
No para Préstamo Colección Biblioteca de Origen Biblioteca Permanente Fecha de Adquisición Fuente de Adquisicion Total de Préstamos Signatura Topográfica Código de Barras Última vez visto Ejemplar Tipo de Material
Material en Reserva Infantil Biblioteca Central Estatal de Guanajuato, "Wigberto Jiménez Moreno" Biblioteca Central Estatal de Guanajuato, "Wigberto Jiménez Moreno" 09/04/2026 COMPRA-2025   I863.64 A347l BCEG8655231148 09/04/2026 ej. 2 Libro
Material en Reserva Infantil Biblioteca Central Estatal de Guanajuato, "Wigberto Jiménez Moreno" Biblioteca Central Estatal de Guanajuato, "Wigberto Jiménez Moreno" 09/04/2026 COMPRA-2025   I863.64 A347l BCEG8655231147 09/04/2026   Libro
  Infantil Biblioteca Central Estatal de Guanajuato, "Wigberto Jiménez Moreno" Biblioteca Central Estatal de Guanajuato, "Wigberto Jiménez Moreno" 09/04/2026 COMPRA-2025   I863.64 A347l BCEG8655231116 09/04/2026 ej. 3 Libro